000 00463nam a2200181Ia 4500
003 GCL
008 140319s9999 xx 000 0 eng d
040 _aGCL /
_cGCL
082 0 4 _a920.71
_bD S
100 1 _aDESANT, DO MINIQUE
245 1 0 _aSACHA GUITRY: 50 ANS DE SPECTACLE /
_cDESANT, DO MINIQUE
260 _a[S.N] :
_bGRASSET ،
_c1995
300 _a510 P
490 _aLE LIVRE DE POCHE
_v0
650 0 4 _aMEN
650 0 4 _aBIOGRAPHIES
942 _2ddc
_cBK
999 _c10815
_d10815